Выделение карбазола из сырого антрацена с помощью параформальдегида; Известия Томского политехнического института [Известия ТПИ]; Т. 111

Dettagli Bibliografici
Parent link:Известия Томского политехнического института [Известия ТПИ]/ Томский политехнический институт (ТПИ).— , 1944-1976
Т. 111.— 1961.— [С. 107-109]
Autore principale: Лопатинский В. П. Вадим Петрович
Altri autori: Сироткина Е. Е. Екатерина Егоровна
Riassunto:Заглавие с титульного листа
Электронная версия печатной публикации
Lingua:russo
Pubblicazione: 1961
Soggetti:
Accesso online:Черно-белая версия для предварительного просмотра
Цветная версия без потери качества
Natura: Elettronico Capitolo di libro
KOHA link:https://koha.lib.tpu.ru/cgi-bin/koha/opac-detail.pl?biblionumber=202559

MARC

LEADER 00000nla2a2200000 4500
001 202559
005 20231031185408.0
035 |a (RuTPU)RU\TPU\book\220722 
035 |a RU\TPU\book\220697 
090 |a 202559 
100 |a 20111014d1961 k y0rusy50 ca 
101 0 |a rus 
102 |a RU 
135 |a drnn ---uucaa 
181 0 |a i  
182 0 |a b 
200 1 |a Выделение карбазола из сырого антрацена с помощью параформальдегида  |b Электронный ресурс  |f В. П. Лопатинский, Е. Е. Сироткина 
203 |a Текст  |c электронный 
215 |a 2 файла (110 Кб, 2.5 Мб) 
230 |a Электронные текстовые данные (2 файла : 110 Кб, 2.5 Мб) 
300 |a Заглавие с титульного листа 
300 |a Электронная версия печатной публикации 
320 |a [Библиогр.: с. 109 (8 назв.)] 
337 |a Adobe Reader 
461 1 |0 (RuTPU)RU\TPU\book\200995  |t Известия Томского политехнического института [Известия ТПИ]  |f Томский политехнический институт (ТПИ)  |d 1944-1976 
463 1 |0 (RuTPU)RU\TPU\book\220608  |t Т. 111  |v [С. 107-109]  |d 1961  |p 132 с. 
610 1 |a электронный ресурс 
610 1 |a труды учёных ТПУ 
700 1 |a Лопатинский  |b В. П.  |c российский химик  |c Заслуженный профессор Томского политехнического университета  |f 1924-1999  |g Вадим Петрович  |2 stltpush  |3 (RuTPU)RU\TPU\pers\19835 
701 1 |a Сироткина  |b Е. Е.  |c российский химик  |c профессор Томского политехнического университета  |f 1926-  |g Екатерина Егоровна  |2 stltpush  |3 (RuTPU)RU\TPU\pers\19865 
801 1 |a RU  |b 63413507  |c 20090320  |g PSBO 
801 2 |a RU  |b 63413507  |c 20111108  |g PSBO 
856 4 |u http://www.lib.tpu.ru/fulltext/v/Bulletin_TPU/1961/v111/28_bw.pdf  |z Черно-белая версия для предварительного просмотра 
856 4 |u http://www.lib.tpu.ru/fulltext/v/Bulletin_TPU/1961/v111/28_full.pdf  |z Цветная версия без потери качества 
942 |c CF